Statistics for Yandere Sim 2023 characters

Click here to take the quiz!

General Stats

  • This quiz has been taken 30 times
  • The average score is 5 of 108

Answer Stats

.Answer% Correct
..Ayano Aishi
79%
..Osana Najimi
54%
..Info Chan
21%
..Mai Waifu
21%
...Midori Gurin
21%
..Oka Ruto
21%
...Megami Saikou
17%
..Raibaru Fumetsu
17%
..Ryoba Aishi
17%
...Mida Rana
13%
..Muja Kina
13%
..Musume Ronshaku
13%
..Sakyu Basu
13%
..Aoi Ryugoku
8%
..Asu rito
8%
..Inkyu Basu
8%
..Kaga Kusha
8%
..Kizana Sunobu
8%
...Mina Rai
8%
..Osoro Shidesu
8%
..Amai Odyaka
4%
..Beruma Dinkuri
4%
..Beshi Takamine
4%
..Budo Matsuta
4%
...Dora Tamamoto
4%
..Gema Taku
4%
..Gita Yamahato
4%
..Hana Daidaiyama
4%
..Himari Fujita
4%
..Ichirou Saikou
4%
..Kiba Kawaito
4%
..Kokoro momoiro
4%
..Kuroko Kamenaga
4%
..Miyuji Shan
4%
..Sakura Hagiwara
4%
..Shiromi Torayoshi
4%
..Sukubi Dubidu
4%
..Taro Yamanda
4%
..Ajia Ashitomi
0%
..Akane toryasu
0%
..Boru Sadatoshi
0%
..Chojo Terajima
0%
..Dafuni Bueriku
0%
..Dairoku Surikizu
0%
..Daku Atsuzawa
0%
..Eiko Nunomaki
0%
..Enji Yodogawa
0%
..Fureddo Jonzu
0%
..Gaku Hikitsuri
0%
..Gejiu Tsuka
0%
..Genka Kunahito
0%
..Hanako Yamanda
0%
..Hayanari Tsumeato
0%
..Hazu Kashibuchi
0%
..Hojiro Zameshiro
0%
..Hokuto Furukizu
0%
..Homu Kurusu
0%
..Horo Guramu
0%
..Horuda Perusu
0%
..Hoshiko Mizudori
0%
..Ichiko Saikou
0%
..Iruka Dorufino
0%
..Itachi Zametora
0%
..Juku Renbutsu
0%
..Kaho Kanokogi
0%
..Karin Hanabusa
0%
..kashiko Murasaki
0%
..Kencho Saikou
0%
..Kenko Sukoyaka
0%
..Kocho Shuyona
0%
..Kokoma Jikihara
0%
..Kokona Harukawa
0%
..Kumi Demura
0%
..Kyoshi Tachikawa
0%
..Kyuji Konagawa
0%
..Mana Tanahashi
0%
..Mantaro Sashimasu
0%
..Meka Nikaru
0%
..Natsuki Aburaya
0%
..Nemisis Chan
0%
..Otohiko Meichi
0%
..Pippi Osafune
0%
..Reina Nabatame
0%
..Riku Somatomo
0%
..Rino Fukahori
0%
..Rojasu Norubiru
0%
..Ryuto Ippongo
0%
..Saisho Saikou
0%
..Saki Mayu
0%
..Seiyo Akanishi
0%
..Shima Shibahara
0%
..Shin Higaonna
0%
..Shiori Rikitake
0%
..Sho Kunikida
0%
..Shoku Tsubaya
0%
..Shozo Kurosawa
0%
..Sumire Suzuki
0%
..Suzuko Chijimatsu
0%
..Togo Tabara
0%
..Tokuko Kitagawa
0%
..Tsubaki Uesugi
0%
..Tsuruzo Yamazaki
0%
..Uekiya Engeika
0%
..Umeji Kizuguchi
0%
..Unagi Denkashiza
0%
..Yaku Zaishi
0%
..Yazuka
0%

Score Distribution

Percentile by Number Answered

Percent of People with Each Score

Your Score History

You have not taken this quiz